Actors who worked with John Lasseter - Statistics

General Stats
  • This quiz has been taken 10 times
  • The average score is 11 of 51
Answer Stats
Films Answer % Correct
Cars, Cars 2 Owen Wilson
100%
Toy Story, Toy Story 2, Cars Tim Allen
100%
Toy Story, Toy Story 2, Cars Tom Hanks
100%
Cars, Cars 2 Larry the Cable Guy
75%
Toy Story 2 Joan Cusack
50%
A Bug's Life Kevin Spacey
50%
Toy Story, Toy Story 2 Don Rickles
38%
Toy Story, A Bug's Life, Toy Story 2, Cars, Cars 2 John Ratzenberger
38%
A Bug's Life Julia Louis-Dreyfus
38%
Toy Story 2 Kelsey Grammer
38%
Cars 2 Michael Caine
38%
Cars Paul Newman
38%
Toy Story, Toy Story 2 Wallace Shawn
38%
Toy Story, Toy Story 2 Annie Potts
25%
Cars Billy Crystal
25%
A Bug's Life, Cars, Cars 2 Bonnie Hunt
25%
Cars 2 Bruce Campbell
25%
Toy Story 2 Estelle Harris
25%
A Bug's Life Hayden Panettiere
25%
Toy Story, Toy Story 2 Jim Varney
25%
Cars John Goodman
25%
Cars Michael Keaton
25%
A Bug's Life Ashley Tisdale
13%
A Bug's Life, Cars Dave Foley
13%
A Bug's Life David Hyde Pierce
13%
A Bug's Life Denis Leary
13%
Cars 2 Eddie Izzard
13%
Cars 2 Emily Mortimer
13%
Cars 2 Jason Isaacs
13%
Toy Story, A Bug's Life, Toy Story 2, Cars Joe Ranft
13%
Toy Story, Toy Story 2 John Morris
13%
Cars 2 John Turturro
13%
Toy Story, Toy Story 2 Laurie Metcalf
13%
A Bug's Life Phyllis Diller
13%
A Bug's Life, Cars, Cars 2 Richard Kind
13%
Toy Story 2 Wayne Knight
13%
A Bug's Life Brad Garrett
0%
Cars Cars 2 Cheech Maron
0%
Cars George Carlin
0%
Cars, Cars 2 Guido Quaroni
0%
Cars Jay Leno
0%
Cars 2 Jeff Garlin
0%
Toy Story, Toy Story 2 Jeff Pidgeon
0%
Cars, Cars 2 Jenifer Lewis
0%
Cars 2 Joe Mantegna
0%
Cars, Cars 2 Katherine Helmond
0%
A Bug's Life Madeline Kahn
0%
Cars, Cars 2 Michael Wallis
0%
Cars, Cars 2 Paul Dooley
0%
Cars 2 Peter Jacobson
0%
Cars, Cars 2 Tony Shalhoub
0%
No matching quizzes found
Score Distribution
Percent of People with Each Score
Percentile by Number Answered
Your Score History
You have not taken this quiz